Countries John Foster Dulles visited - Statistics

General Stats
  • This quiz has been taken 22 times
  • The average score is 42 of 47
Answer Stats
Continent Country % Correct
Oceania Australia
100%
Europe Austria
100%
North America Canada
100%
South America Colombia
100%
Africa Egypt
100%
Europe France
100%
Asia Japan
100%
North America Mexico
100%
North America Panama
100%
Europe the Netherlands
100%
Europe United Kingdom
100%
South America Venezuela
100%
Asia Vietnam
100%
Europe Belgium
93%
South America Brazil
93%
Europe Germany
93%
Europe Greece
93%
Asia India
93%
Asia Indonesia
93%
Asia Iran
93%
Asia Iraq
93%
Asia Israel
93%
Europe Italy
93%
Africa Morocco
93%
Asia South Korea
93%
Europe Spain
93%
North America the Bahamas
93%
Asia/ Europe Turkey
93%
Asia Cambodia
87%
North America Jamaica
87%
Africa Libya
87%
Europe Luxembourg
87%
Europe Switzerland
87%
Asia Thailand
87%
Europe Vatican City
87%
Asia Jordan
80%
Asia Laos
80%
Europe Malta
80%
Asia Pakistan
80%
Asia Saudi Arabia
80%
Asia Taiwan
80%
Asia the Philippines
80%
Asia Lebanon
73%
Asia Myanmar
73%
Europe Croatia
67%
Asia Sri Lanka
67%
Asia Syria
67%
No matching quizzes found
Score Distribution
Percent of People with Each Score
Percentile by Number Answered
Your Score History
You have not taken this quiz